| 000 | 00590nam a2200193 a 4500 | ||
|---|---|---|---|
| 005 | 20240228063626.0 | ||
| 008 | 991125s1985 es 000 0 spa u | ||
| 020 | _a8433100866 | ||
| 035 | _aUPN01000124055 | ||
| 049 | _aCG | ||
| 050 | 4 |
_aPZ71 _bB7.3 1985 |
|
| 100 | 1 |
_aBravo-Villasante, Carmen, _d1918-1994 _930662 |
|
| 245 | 0 | 0 |
_aAntología de la literatura infantil española 3 : _bfolklore / _cCarmen Bravo-Villasante. |
| 250 | _a3a ed. | ||
| 260 |
_aMadrid : _bEscuela Española, _c1985. |
||
| 300 |
_a146 p. : _bil. |
||
| 650 | 4 |
_aLiteratura infantil española _95892 |
|
| 905 | _aLibro | ||
| 999 |
_c96234 _d96234 |
||